|
|
|
|
| LEADER |
00000nam a22000007a 4500 |
| 005 |
2021051009549.0 |
| 007 |
cr|||| |||| |
| 008 |
210510c19829999es ar|w s|||| 0|||b1spa d |
| 022 |
|
|
|a 0213-988X
|
| 035 |
|
|
|a 33290
|
| 040 |
|
|
|a vLex
|
| 090 |
|
|
|c 11638
|d 11638
|
| 245 |
0 |
0 |
|a Anuario de la Facultad de Derecho
|h [Recurso electrn̤ico] :
|b Universidad de Extremadura
|
| 256 |
|
|
|a Servicio en ln̕ea
|
| 260 |
|
|
|a Mřida:
|b Facultad de Derecho. Universidad de Extremadura,
|c 1982 -
|
| 300 |
|
|
|a 1 recurso electrn̤ico
|
| 310 |
|
|
|a Anual
|
| 362 |
|
|
|a Nð 1 (Ene. 1982) -
|
| 506 |
1 |
|
|a Disponible solo en los productos indicados
|d vLex Global
|d vLex Global (Academic Edition, excluding Law Schools)
|d vLex Global (U.S. Academic Edition, Law Schools)
|d vLex Global (U.S. Academic Edition, excluding Law Schools)
|d vLex Global (Academic Edition, Law Schools)
|
| 650 |
0 |
4 |
|a Derecho Civil
|z Espaą
|
| 650 |
0 |
4 |
|a Derecho Mercantil y de la Empresa
|z Espaą
|
| 650 |
0 |
4 |
|a Derecho Laboral y Seguridad Social
|z Espaą
|
| 650 |
0 |
4 |
|a Derecho Penal
|z Espaą
|
| 650 |
0 |
4 |
|a Derecho Pb︢lico y Administrativo
|z Espaą
|
| 650 |
0 |
4 |
|a Derecho Constitucional
|z Espaą
|
| 650 |
0 |
4 |
|a Ciencias sociales
|z Espaą
|
| 740 |
0 |
|
|a vLex Revistas (Servicio en ln̕ea)
|
| 856 |
4 |
0 |
|u https://vlex.com/source/anuario-facultad-derecho-universidad-extremadura-33290
|z Acceso restringido
|
| 942 |
|
|
|c REV
|
| 999 |
0 |
|
|a Civil Law
|
| 999 |
0 |
|
|a Commercial and Company Law
|
| 999 |
0 |
|
|a Labor Law and Social Security
|
| 999 |
0 |
|
|a Criminal Law
|
| 999 |
0 |
|
|a Public and Administrative Law
|
| 999 |
0 |
|
|a Constitutional Law
|
| 999 |
0 |
|
|a Social Sciences
|